| 000 | 00572nam a2200205Ia 4500 | ||
|---|---|---|---|
| 005 | 20231010100348.0 | ||
| 008 | 131103s9999 xx 000 0 und d | ||
| 040 | _aLoreto College | ||
| 041 | _aEnglish | ||
| 082 |
_a294.592 _bPRA |
||
| 100 | _aPrabhavananda | ||
| 245 | 4 |
_aThe Upanishads _b Breath of the Eternal _cPrabhavananda and Frederick Manchester |
|
| 260 |
_aNew York _bA Mentor Religious Classic _cc 1957 |
||
| 300 | _axii,121p. | ||
| 650 | _aReligion | ||
| 651 | _aHindu-Religion | ||
| 700 | _aManchester, Frederick | ||
| 850 | _aLCLIB | ||
| 942 | _cBK | ||
| 999 |
_c23524 _d74003 |
||